Minecraft Items that Start with H - Statistics

General Stats
  • This quiz has been taken 19 times
  • The average score is 9 of 21
Answer Stats
Answer % Correct
Honey Bottle
78%
Honey Block
67%
Horse Spawn Egg
67%
Hay Bale
56%
Hopper
56%
Hanging Roots
44%
Heart Pottery Sherd
44%
Hoglin Spawn Egg
44%
Honeycomb
44%
Husk Spawn Egg
44%
Happy Ghast Spawn Egg
33%
Heart of the Sea
33%
Heavy Core
33%
Heavy Weighted Pressure Plate
33%
Honeycomb Block
33%
Horn Coral
33%
Horn Coral Block
33%
Horn Coral Fan
33%
Heartbreak Pottery Sherd
22%
Host Armor Trim Smithing Template
22%
Howl Pottery Sherd
22%
No matching quizzes found
Score Distribution
Percent of People with Each Score
Percentile by Number Answered
Your Score History
You have not taken this quiz